[Event "CZE-ch Juniors op"]
[Site "Kouty nad Desnou"]
[Date "2020.03.09"]
[Round "4"]
[White "Slepankova, Radka"]
[Black "Mrkvan, Frantisek"]
[Result "1/2-1/2"]
[WhiteElo "1953"]
[BlackElo "1480"]
[PlyCount "63"]
[EventDate "2020.03.07"]
[EventType "swiss"]
[EventRounds "7"]
[EventCountry "CZE"]
[SourceTitle "CBM 195 Extra"]
[Source "ChessBase"]
[SourceDate "2020.05.31"]
[SourceVersion "1"]
[SourceVersionDate "2020.05.31"]
[SourceQuality "1"]

1. c4 e5 2. Nc3 Nf6 3. g3 d5 4. cxd5 Nxd5 5. Bg2 Nb6 6. d3 Nc6 7. Nf3 Be7 8. Bd2 0-0 9. 0-0 Be6 10. Rc1 Qd7 11. Ne4 Bh3 12. Nc5 Bxc5 13. Rxc5 Bxg2 14. Kxg2 f6 15. b4 Ne7 16. Qb3+ Kh8 17. Rfc1 Rac8 18. b5 c6 19. a4 cxb5 20. axb5 Rxc5 21. Rxc5 Rc8 22. Qc2 Qxb5 23. Rxc8+ Nexc8 24. Qc7 Qd7 25. Qc5 Qd6 26. Qa5 Qd5 27. Qa3 Kg8 28. Be3 Kf7 29. Qc3 Qc6 30. Qb3+ Qd5 31. Qc3 Qc6 32. Qb3+ 1/2-1/2

[Event "Brno Duras op"]
[Site "Brno"]
[Date "2016.07.03"]
[Round "9"]
[White "Slepankova, Radka"]
[Black "Snorek, Milan"]
[Result "1/2-1/2"]
[WhiteElo "1981"]
[BlackElo "2007"]
[PlyCount "43"]
[EventDate "2016.06.25"]
[EventType "swiss"]
[EventRounds "9"]
[EventCountry "CZE"]
[SourceTitle "CBM 173 Extra"]
[Source "ChessBase"]
[SourceDate "2016.08.29"]
[SourceVersion "1"]
[SourceVersionDate "2016.08.29"]
[SourceQuality "1"]

1. e4 c5 2. Nf3 e6 3. d4 cxd4 4. Nxd4 a6 5. Nc3 Qc7 6. Be2 Nf6 7. 0-0 d6 8. f4 Nbd7 9. Bf3 Be7 10. Be3 g6 11. Qe1 e5 12. fxe5 Nxe5 13. Qf2 0-0 14. h3 Be6 15. Kh1 Nxf3 16. Qxf3 Bc4 17. Rf2 Nd7 18. Nd5 Bxd5 19. exd5 Ne5 20. Qg3 Kh8 21. Nf3 Nxf3 22. Qxf3 1/2-1/2

[Event "Brno Duras op"]
[Site "Brno"]
[Date "2016.06.30"]
[Round "6"]
[White "Majer, Jiri Sr"]
[Black "Slepankova, Radka"]
[Result "1/2-1/2"]
[WhiteElo "2090"]
[BlackElo "1981"]
[PlyCount "22"]
[EventDate "2016.06.25"]
[EventType "swiss"]
[EventRounds "9"]
[EventCountry "CZE"]
[SourceTitle "CBM 173 Extra"]
[Source "ChessBase"]
[SourceDate "2016.08.29"]
[SourceVersion "1"]
[SourceVersionDate "2016.08.29"]
[SourceQuality "1"]

1. d4 d5 2. Nf3 Nc6 3. g3 Bg4 4. Bg2 Nf6 5. Bf4 e6 6. c3 Bd6 7. Bxd6 Qxd6 8. Nbd2 0-0 9. 0-0 e5 10. dxe5 Nxe5 11. Nxe5 Qxe5 1/2-1/2

[Event "Brno Duras op"]
[Site "Brno"]
[Date "2016.06.27"]
[Round "3"]
[White "Slepankova, Radka"]
[Black "Hrdlicka, Vladan"]
[Result "1-0"]
[WhiteElo "1981"]
[BlackElo "1808"]
[PlyCount "57"]
[EventDate "2016.06.25"]
[EventType "swiss"]
[EventRounds "9"]
[EventCountry "CZE"]
[SourceTitle "CBM 173 Extra"]
[Source "ChessBase"]
[SourceDate "2016.08.29"]
[SourceVersion "1"]
[SourceVersionDate "2016.08.29"]
[SourceQuality "1"]

1. e4 c5 2. Nf3 d6 3. d4 cxd4 4. Nxd4 Nf6 5. Nc3 a6 6. Be2 e5 7. Nb3 Be7 8. Be3 Be6 9. 0-0 Nbd7 10. f4 exf4 11. Bxf4 Ne5 12. Qd4 0-0 13. Rad1 Qc7 14. Nd5 Bxd5 15. exd5 Qxc2 16. Bd3 Nxd3 17. Rxd3 Qc8 18. Rg3 Nh5 19. Bh6 g6 20. Bxf8 Bxf8 21. Rgf3 Bg7 22. Qf2 f6 23. Re3 f5 24. Re7 Nf6 25. Rc1 Qd8 26. Rcc7 Ne8 27. Rcd7 Qc8 28. Qe3 Bxb2 29. Qe6+ 1-0

[Event "Brno Duras op-A"]
[Site "Brno"]
[Date "2014.07.05"]
[Round "8"]
[White "Kucera, Michal"]
[Black "Slepankova, Radka"]
[Result "0-1"]
[WhiteElo "1929"]
[BlackElo "1997"]
[PlyCount "58"]
[EventDate "2014.06.28"]
[EventType "swiss"]
[EventRounds "9"]
[EventCountry "CZE"]
[SourceTitle "CBM 161 Extra"]
[Source "ChessBase"]
[SourceDate "2014.08.29"]
[SourceVersion "1"]
[SourceVersionDate "2014.08.29"]
[SourceQuality "1"]

1. e4 c5 2. Nf3 Nf6 3. Nc3 d6 4. d4 cxd4 5. Nxd4 Nc6 6. Bg5 e5 7. Ndb5 a6 8. Na3 b5 9. Nd5 Be7 10. Bxf6 Bxf6 11. c3 Bg5 12. Nc2 Be6 13. a4 bxa4 14. Rxa4 a5 15. b4 0-0 16. b5 Ne7 17. Nce3 Bxe3 18. Nxe3 Qc7 19. c4 f5 20. exf5 Nxf5 21. Nxf5 Rxf5 22. Be2 Rf4 23. 0-0 Kh8 24. g3 Rf6 25. Qd2 Bh3 26. Rfa1 Raf8 27. Rxa5 Rxf2 28. Ra8 Qc5 29. Qd5 Rf1# 0-1

[Event "Brno Duras op-A"]
[Site "Brno"]
[Date "2014.07.02"]
[Round "5"]
[White "Blahynka, Martin"]
[Black "Slepankova, Radka"]
[Result "1/2-1/2"]
[WhiteElo "2203"]
[BlackElo "1997"]
[PlyCount "123"]
[EventDate "2014.06.28"]
[EventType "swiss"]
[EventRounds "9"]
[EventCountry "CZE"]
[SourceTitle "CBM 161 Extra"]
[Source "ChessBase"]
[SourceDate "2014.08.29"]
[SourceVersion "1"]
[SourceVersionDate "2014.08.29"]
[SourceQuality "1"]

1. d4 d5 2. c4 e6 3. Nc3 Nf6 4. cxd5 exd5 5. Bg5 Be7 6. e3 c6 7. Bd3 Nbd7 8. Qc2 Nh5 9. Bxe7 Qxe7 10. 0-0-0 Nb6 11. h3 g6 12. Nf3 Be6 13. Kb1 0-0-0 14. Na4 Nxa4 15. Qxa4 Kb8 16. Rc1 Bf5 17. Rc3 Bxd3+ 18. Rxd3 Nf6 19. Ra3 a6 20. Ne5 Rc8 21. Rc1 c5 22. f3 Qe6 23. Rac3 c4 24. b3 cxb3 25. Qxb3 Rxc3 26. Qxc3 Ne8 27. Nd3 Qb6+ 28. Ka1 Nd6 29. Qb4 Qxb4 30. Nxb4 Rd8 31. Rc5 Nf5 32. Rxd5 Rxd5 33. Nxd5 Nh4 34. Kb2 Nxg2 35. Kc3 g5 36. Kd3 f5 37. Nf6 h6 38. Ng8 h5 39. Nf6 h4 40. Ke2 f4 41. e4 Ne3 42. Nh7 Nc2 43. d5 Nd4+ 44. Kf2 b5 45. Nxg5 Nc2 46. Ke2 Nb4 47. a3 Nc2 48. Ne6 Nxa3 49. Nxf4 Nc4 50. Nd3 a5 51. Kd1 Kc7 52. f4 Kd6 53. Kc2 Ne3+ 54. Kc3 b4+ 55. Kb3 Nf1 56. Nf2 Nd2+ 57. Kc2 Nf3 58. Kb3 Nd2+ 59. Kc2 Nf3 60. f5 Ke5 61. Nd3+ Kxe4 62. f6 1/2-1/2

[Event "Brno Duras op-A"]
[Site "Brno"]
[Date "2014.06.28"]
[Round "1"]
[White "Slepankova, Radka"]
[Black "Rezny, Frantisek"]
[Result "1-0"]
[WhiteElo "1997"]
[BlackElo "1610"]
[PlyCount "125"]
[EventDate "2014.06.28"]
[EventType "swiss"]
[EventRounds "9"]
[EventCountry "CZE"]
[SourceTitle "CBM 161 Extra"]
[Source "ChessBase"]
[SourceDate "2014.08.29"]
[SourceVersion "1"]
[SourceVersionDate "2014.08.29"]
[SourceQuality "1"]

1. e4 e5 2. Nc3 Bc5 3. g3 Nf6 4. Bg2 0-0 5. Nge2 Nc6 6. d3 d6 7. Na4 h6 8. Nxc5 dxc5 9. 0-0 Bg4 10. Be3 Nd4 11. f3 Be6 12. c3 Nxe2+ 13. Qxe2 b6 14. f4 Ng4 15. f5 Nxe3 16. Qxe3 Bd7 17. f6 Re8 18. Rf2 Re6 19. fxg7 Qg5 20. Qxg5 hxg5 21. Rf5 f6 22. Raf1 Kxg7 23. d4 Rf8 24. d5 Rd6 25. R5f2 Bb5 26. Rc1 a5 27. b4 axb4 28. cxb4 c4 29. Bf1 c6 30. dxc6 Rxc6 31. Rd2 Ba6 32. Rd5 b5 33. a4 Rb8 34. a5 Kf7 35. Rd7+ Ke8 36. Rh7 Rbc8 37. Kf2 R6c7 38. Rxc7 Rxc7 39. Bh3 Bc8 40. Bxc8 Rxc8 41. h4 Kf7 42. a6 Ra8 43. Ra1 Ra7 44. hxg5 fxg5 45. Ke3 g4 46. Kd2 Ke6 47. Rh1 Kf6 48. Rh6+ Kg5 49. Rb6 Ra8 50. Rxb5 Rxa6 51. Rxe5+ Kf6 52. Rf5+ Kg6 53. Ra5 Rd6+ 54. Ke3 Rd3+ 55. Kf4 c3 56. Rc5 Rd4 57. b5 Rb4 58. Rxc3 Rxb5 59. Rc4 Rg5 60. Rc6+ Kh5 61. e5 Rg6 62. Rxg6 Kxg6 63. Kxg4 1-0

[Event "Brno Duras op-B"]
[Site "Brno"]
[Date "2013.06.27"]
[Round "6"]
[White "Slepankova, Radka"]
[Black "Doskar, Miloslav"]
[Result "1-0"]
[WhiteElo "1997"]
[BlackElo "1748"]
[PlyCount "95"]
[EventDate "2013.06.22"]
[EventType "swiss"]
[EventRounds "7"]
[EventCountry "CZE"]
[SourceTitle "CBM 155 Extra"]
[Source "ChessBase"]
[SourceDate "2013.08.26"]
[SourceVersion "1"]
[SourceVersionDate "2013.08.26"]
[SourceQuality "1"]

1. e4 e5 2. Nc3 Nf6 3. g3 d5 4. exd5 Nxd5 5. Bg2 Nxc3 6. bxc3 Bd6 7. Ne2 0-0 8. 0-0 Nd7 9. d4 Rb8 10. Be3 b6 11. dxe5 Nxe5 12. Nd4 Bb7 13. Qe2 Bxg2 14. Kxg2 Qc8 15. h3 Qb7+ 16. f3 Rfe8 17. Rae1 a6 18. Nf5 Bf8 19. Bd4 f6 20. Bxe5 fxe5 21. Qc4+ Kh8 22. Re4 b5 23. Qf7 c5 24. Qxb7 Rxb7 25. Rd1 g6 26. Ne3 h5 27. Rd5 Bg7 28. Rxc5 Rd7 29. Nf1 Rd1 30. Rc6 Rc1 31. Re2 a5 32. Rxg6 Kh7 33. Rb6 Ra1 34. Rxb5 Rxa2 35. c4 Rc8 36. Ne3 a4 37. Rd2 Rc7 38. Nf5 Bf6 39. Nd6 Rd7 40. c5 Kg6 41. c6 Rc7 42. Rb6 Bg5 43. Re2 Be7 44. Nb5 Bc5 45. Ra6 Rc8 46. c7+ Kf5 47. g4+ hxg4 48. hxg4+ 1-0

[Event "Brno Duras op-B"]
[Site "Brno"]
[Date "2012.06.27"]
[Round "6"]
[White "Pribyl, Radek"]
[Black "Slepankova, Radka"]
[Result "1-0"]
[WhiteElo "1713"]
[BlackElo "2007"]
[PlyCount "103"]
[EventDate "2012.06.23"]
[EventType "tourn"]
[EventRounds "9"]
[EventCountry "CZE"]
[SourceTitle "CBM 149 Extra"]
[Source "ChessBase"]
[SourceDate "2012.08.24"]
[SourceVersion "1"]
[SourceVersionDate "2012.08.24"]
[SourceQuality "1"]

1. Nf3 c5 2. e4 Nc6 3. d4 cxd4 4. Nxd4 Nf6 5. Nc3 e5 6. Ndb5 d6 7. Bg5 a6 8. Bxf6 gxf6 9. Na3 b5 10. Nd5 Bg7 11. c3 Be6 12. Be2 Ne7 13. 0-0 0-0 14. Nc2 Nxd5 15. exd5 Bd7 16. Bg4 f5 17. Bh3 f4 18. Bxd7 Qxd7 19. Nb4 Qf5 20. Nc6 Kh8 21. f3 Bf6 22. a4 Rg8 23. axb5 axb5 24. Rxa8 Rxa8 25. Qe2 Rg8 26. Kh1 Rg6 27. Na7 Rh6 28. Nxb5 Qh5 29. h3 Bh4 30. c4 f5 31. Nc3 Bf6 32. Ra1 e4 33. fxe4 Bxc3 34. Qxh5 Rxh5 35. bxc3 fxe4 36. Ra6 e3 37. Kg1 Re5 38. Kf1 Re4 39. Rb6 Kg7 40. Ke2 Kf7 41. Rxd6 Rxc4 42. Kd3 Rc5 43. c4 Ra5 44. Re6 Ra3+ 45. Ke4 Ra2 46. Kxf4 Rxg2 47. Rxe3 Rf2+ 48. Rf3 Rc2 49. Ke5+ Ke7 50. d6+ Kd7 51. Rf7+ Kd8 52. Kd5 1-0

[Event "Brno Duras op-B"]
[Site "Brno"]
[Date "2012.06.25"]
[Round "4"]
[White "Krystl, Jaromir"]
[Black "Slepankova, Radka"]
[Result "0-1"]
[WhiteElo "1796"]
[BlackElo "2007"]
[PlyCount "28"]
[EventDate "2012.06.23"]
[EventType "tourn"]
[EventRounds "9"]
[EventCountry "CZE"]
[SourceTitle "CBM 149 Extra"]
[Source "ChessBase"]
[SourceDate "2012.08.24"]
[SourceVersion "1"]
[SourceVersionDate "2012.08.24"]
[SourceQuality "1"]

1. b3 d6 2. Bb2 c5 3. e3 Nc6 4. Nf3 e5 5. d4 cxd4 6. exd4 e4 7. d5 exf3 8. dxc6 Qe7+ 9. Be2 Qxe2+ 10. Qxe2+ fxe2 11. cxb7 Bxb7 12. f3 d5 13. Kd2 Ba6 14. Na3 0-0-0 0-1

[Event "Brno Duras op-B"]
[Site "Brno"]
[Date "2012.06.23"]
[Round "1"]
[White "Slepankova, Radka"]
[Black "Martirosyan, Ara"]
[Result "1/2-1/2"]
[WhiteElo "2007"]
[BlackElo "1339"]
[PlyCount "48"]
[EventDate "2012.06.23"]
[EventType "tourn"]
[EventRounds "9"]
[EventCountry "CZE"]
[SourceTitle "CBM 149 Extra"]
[Source "ChessBase"]
[SourceDate "2012.08.24"]
[SourceVersion "1"]
[SourceVersionDate "2012.08.24"]
[SourceQuality "1"]

1. c4 e5 2. Nc3 Nf6 3. g3 g6 4. Bg2 Bg7 5. d3 d6 6. e4 0-0 7. Nge2 Nh5 8. 0-0 c6 9. f4 Qb6+ 10. Kh1 exf4 11. Nxf4 Nf6 12. h3 Nbd7 13. Qe2 a5 14. Be3 c5 15. Rab1 a4 16. Nfd5 Nxd5 17. Nxd5 Qd8 18. Qd2 Ne5 19. Rf2 Be6 20. Nf4 Qd7 21. Rbf1 Rae8 22. b3 axb3 23. axb3 Ra8 24. Nxe6 Qxe6 1/2-1/2

[Event "Brno Duras op-B"]
[Site "Brno"]
[Date "2011.06.29"]
[Round "6"]
[White "Slepankova, Radka"]
[Black "Hlavinka, Zdenek"]
[Result "1-0"]
[WhiteElo "2007"]
[BlackElo "1975"]
[PlyCount "45"]
[EventDate "2011.06.25"]
[EventType "swiss"]
[EventRounds "9"]
[EventCountry "CZE"]
[SourceTitle "EXT 2012"]
[Source "ChessBase"]
[SourceDate "2011.11.24"]
[SourceVersion "1"]
[SourceVersionDate "2011.11.24"]
[SourceQuality "1"]

1. e4 Nf6 2. Nc3 d5 3. e5 d4 4. exf6 dxc3 5. bxc3 exf6 6. Nf3 Bd6 7. Be2 0-0 8. 0-0 c5 9. d4 Nc6 10. Be3 Qa5 11. Qd2 cxd4 12. Nxd4 Nxd4 13. cxd4 Bb4 14. Qd3 Bf5 15. Qb3 Bc3 16. Rab1 Be6 17. Qxb7 Bxa2 18. Rb5 Qa4 19. Bd3 Bc4 20. Bxc4 Qxc4 21. Rc5 Qb4 22. Rb1 Qa3 23. Qb3 1-0

[Event "Brno Duras op-B"]
[Site "Brno"]
[Date "2009.07.03"]
[Round "7"]
[White "Slepanek, Jan"]
[Black "Slepankova, Radka"]
[Result "1/2-1/2"]
[WhiteElo "1773"]
[BlackElo "1980"]
[PlyCount "22"]
[EventDate "2009.06.27"]
[EventType "swiss"]
[EventRounds "9"]
[EventCountry "CZE"]
[SourceTitle "CBM 131 Extra"]
[Source "ChessBase"]
[SourceDate "2009.09.03"]
[SourceVersion "2"]
[SourceVersionDate "2009.09.16"]
[SourceQuality "1"]

1. e4 c5 2. Nf3 d6 3. Bb5+ Bd7 4. Bxd7+ Nxd7 5. c4 e5 6. Nc3 Ngf6 7. 0-0 Be7 8. d3 0-0 9. h3 a6 10. Nh2 Rb8 11. f4 exf4 1/2-1/2

[Event "CZE-ch Juniors op-A"]
[Site "Sec u Chrudimi"]
[Date "2008.03.14"]
[Round "8"]
[White "Slepankova, Radka"]
[Black "Kozel, Jan"]
[Result "1-0"]
[WhiteElo "2033"]
[BlackElo "1792"]
[PlyCount "73"]
[EventDate "2008.03.08"]
[EventType "swiss"]
[EventRounds "9"]
[EventCountry "CZE"]
[SourceTitle "EXT 2009"]
[Source "ChessBase"]
[SourceDate "2008.11.26"]
[SourceVersion "1"]
[SourceVersionDate "2008.11.26"]
[SourceQuality "1"]

1. e4 e5 2. Nc3 Nf6 3. g3 d5 4. exd5 Nxd5 5. Bg2 Nxc3 6. bxc3 Nc6 7. Ne2 Bc5 8. Rb1 0-0 9. d3 Qf6 10. 0-0 Rb8 11. Be3 Bb6 12. Qd2 h6 13. Bxb6 axb6 14. f4 Bg4 15. Rbe1 Bxe2 16. Rxe2 exf4 17. Rxf4 Qg5 18. Rc4 Qb5 19. d4 Qb1+ 20. Re1 Qxa2 21. Bxc6 bxc6 22. Rxc6 Rfe8 23. Rxe8+ Rxe8 24. Rxc7 Qa1+ 25. Kg2 Re1 26. Qf2 f6 27. Qf3 Qa4 28. Qd5+ Kh7 29. Qf5+ Kg8 30. Qg6 Qa8+ 31. Kf2 Rf1+ 32. Kxf1 Qf3+ 33. Ke1 Qe3+ 34. Kd1 Qg1+ 35. Kd2 Qf2+ 36. Kc1 Qe3+ 37. Kb2 1-0

[Event "CZE-ch Juniors op-A"]
[Site "Sec u Chrudimi"]
[Date "2008.03.08"]
[Round "1"]
[White "Vaculka, Pavel"]
[Black "Slepankova, Radka"]
[Result "1/2-1/2"]
[WhiteElo "1803"]
[BlackElo "2033"]
[PlyCount "84"]
[EventDate "2008.03.08"]
[EventType "swiss"]
[EventRounds "9"]
[EventCountry "CZE"]
[SourceTitle "EXT 2009"]
[Source "ChessBase"]
[SourceDate "2008.11.26"]
[SourceVersion "1"]
[SourceVersionDate "2008.11.26"]
[SourceQuality "1"]

1. e4 c5 2. Nf3 Nc6 3. d4 cxd4 4. Nxd4 Nf6 5. Nc3 e5 6. Ndb5 d6 7. Bg5 a6 8. Na3 b5 9. Nd5 Be7 10. Nxf6+ Bxf6 11. Be3 Be6 12. Be2 d5 13. exd5 Bxd5 14. 0-0 0-0 15. c3 Be7 16. Nc2 f5 17. f3 f4 18. Bf2 Bf6 19. Qe1 Qe8 20. Bd3 Rd8 21. Be4 Bc4 22. Bb6 Bxf1 23. Bxd8 Bxd8 24. Kxf1 Rf6 25. Rd1 Bb6 26. Rd2 Qh5 27. h3 Ne7 28. Ke2 Nf5 29. Kd1 Qg5 30. Kc1 Ne3 31. Qe2 Qh5 32. Nb4 Nc4 33. Rd3 Be3+ 34. Kc2 Qe8 35. Qd1 Bb6 36. Nd5 Ne3+ 37. Nxe3 fxe3 38. Rd5 a5 39. Qd3 b4 40. Bxh7+ Kh8 41. Be4 bxc3 42. bxc3 Kg8 1/2-1/2

[Event "Brno op-A"]
[Site "Brno"]
[Date "2007.07.02"]
[Round "2"]
[White "Slepankova, Radka"]
[Black "Meszaros, Ludek"]
[Result "0-1"]
[WhiteElo "2042"]
[BlackElo "2206"]
[PlyCount "142"]
[EventDate "2007.07.01"]
[EventType "swiss"]
[EventRounds "9"]
[EventCountry "CZE"]
[SourceTitle "CBM 119 Extra"]
[Source "ChessBase"]
[SourceDate "2007.09.04"]
[SourceVersion "1"]
[SourceVersionDate "2007.09.04"]
[SourceQuality "1"]

1. e4 g6 2. Nc3 Bg7 3. Bc4 d6 4. Nge2 Nf6 5. d3 0-0 6. f3 c6 7. Be3 d5 8. Bb3 b6 9. 0-0 Bb7 10. e5 Ne8 11. d4 Nd7 12. Ng3 e6 13. Nce2 c5 14. c3 Rc8 15. Qd2 b5 16. Bh6 Nb6 17. Bxg7 Nxg7 18. f4 Nc4 19. Bxc4 dxc4 20. Qe3 Qd5 21. Rf2 cxd4 22. Qxd4 a5 23. a3 Qc6 24. Qe3 Rfd8 25. Nd4 Qb6 26. Re1 h5 27. Ne4 Bxe4 28. Qxe4 b4 29. axb4 axb4 30. h3 Rd5 31. g4 bxc3 32. bxc3 Qa5 33. Re3 Rcc5 34. Qb1 Qd8 35. Rb2 hxg4 36. Rb8 Rc8 37. Rxc8 Qxc8 38. hxg4 Ra5 39. Qe4 Qd8 40. Qf3 Qh4 41. Qh3 Ra1+ 42. Kg2 Qd8 43. Qg3 Qb6 44. Re1 Ra3 45. Qe3 Qb2+ 46. Ne2 Ne8 47. Qd4 Qb7+ 48. Kf2 Qc8 49. Rd1 Ra8 50. Ng3 Qc6 51. Ne4 Nc7 52. Nf6+ Kg7 53. Qe4 Ra2+ 54. Kf3 Qb6 55. Qe3 Qb2 56. Rg1 Qh2 57. f5 exf5 58. gxf5 Qh3+ 59. Ke4 Qxf5+ 60. Kd4 Ra4 61. Rh1 Nb5+ 62. Kc5 Qc8+ 63. Kxb5 Qa6+ 64. Kc5 Ra5+ 65. Kd4 Qb6+ 66. Kxc4 Qc6+ 67. Kd3 Qxh1 68. Ne8+ Kf8 69. Nc7 Qd1+ 70. Ke4 Qg4+ 71. Qf4 Ra4+ 0-1

[Event "CZE-ch Juniors op-A"]
[Site "Zlate Hory"]
[Date "2006.03.12"]
[Round "2"]
[White "Skut, Michal"]
[Black "Slepankova, Radka"]
[Result "1/2-1/2"]
[WhiteElo "1682"]
[BlackElo "1962"]
[PlyCount "131"]
[EventDate "2006.03.11"]
[EventType "swiss"]
[EventRounds "9"]
[EventCountry "CZE"]
[SourceTitle "EXT 2008"]
[Source "ChessBase"]
[SourceDate "2007.11.25"]
[SourceVersion "1"]
[SourceVersionDate "2007.11.25"]
[SourceQuality "1"]

1. e4 c5 2. c3 d5 3. exd5 Qxd5 4. d4 cxd4 5. cxd4 Nc6 6. Nf3 e5 7. Nc3 Bb4 8. Bd2 Bxc3 9. Bxc3 e4 10. Ne5 Nxe5 11. dxe5 Ne7 12. Qa4+ Bd7 13. Qa3 Qe6 14. Rd1 0-0 15. Rd6 Qf5 16. Be2 Bc6 17. 0-0 Nd5 18. Bd4 Nf4 19. Qe3 a6 20. Rd1 Rae8 21. h3 Qg5 22. Bf1 h6 23. g3 Ng6 24. Qxg5 hxg5 25. Bxa6 Nxe5 26. Bxe5 Rxe5 27. Bc4 e3 28. fxe3 Rxe3 29. R6d3 Rfe8 30. Rxe3 Rxe3 31. Rd3 Re1+ 32. Kf2 Rh1 33. Rd8+ Kh7 34. Bxf7 Rxh3 35. Bg8+ Kh6 36. Bf7 g4 37. Rd6+ Kg5 38. Rg6+ Kf5 39. Rd6 Rh2+ 40. Kf1 Rxb2 41. Rd4 Bf3 42. Rf4+ Kg5 43. Ra4 Rg2 44. Ra5+ Kf6 45. Bd5 Rxg3 46. Rb5 Bxd5 47. Rxd5 Rf3+ 48. Kg2 Rf5 49. Rd7 Rb5 50. Kg3 g5 51. Kxg4 Rb4+ 52. Kg3 b5 53. Rd5 Rb2 54. Rc5 Kg6 55. Rd5 Kh5 56. Rc5 Rxa2 57. Rxb5 Ra3+ 58. Kg2 Kh4 59. Rb2 g4 60. Rc2 Re3 61. Rb2 Kg5 62. Rb5+ Kf4 63. Rb4+ Re4 64. Rxe4+ Kxe4 65. Kg3 Kf5 66. Kg2 1/2-1/2

[Event "CZE-ch (Women)"]
[Site "Klatovy"]
[Date "1999.??.??"]
[Round "1"]
[White "Saljova, Silvie"]
[Black "Slepankova, Radka"]
[Result "1-0"]
[WhiteElo "2212"]
[BlackElo "2050"]
[PlyCount "113"]
[EventDate "1999.??.??"]
[EventType "swiss"]
[EventRounds "9"]
[EventCountry "CZE"]
[SourceTitle "EXT 2000"]
[Source "ChessBase"]
[SourceDate "1999.11.16"]
[SourceVersion "1"]
[SourceVersionDate "1999.11.16"]
[SourceQuality "1"]

1. d4 Nf6 2. Nf3 c5 3. d5 d6 4. Nc3 g6 5. Bg5 Bg7 6. e4 Na6 7. Be2 Nc7 8. a4 b6 9. Nd2 a6 10. f4 Rb8 11. Nc4 0-0 12. Bf3 b5 13. axb5 Nxb5 14. Ne2 Qc7 15. c3 Ne8 16. 0-0 f5 17. exf5 Bxf5 18. Rxa6 Nf6 19. Ng3 Bc8 20. Ra1 Qb7 21. Na5 Qb6 22. Nc6 Rb7 23. Re1 Kf7 24. Qe2 Re8 25. Bxf6 Bxf6 26. Na5 Rb8 27. Nc4 Qc7 28. Bg4 Bxg4 29. Qxg4 Qc8 30. f5 Nc7 31. Ne4 Kg7 32. Nxf6 exf6 33. Nxd6 Rxe1+ 34. Rxe1 Qd7 35. Nc4 Re8 36. Rd1 Qxf5 37. Qxf5 gxf5 38. Kf2 Kf8 39. Nb6 Rd8 40. c4 Kf7 41. Ra1 Rb8 42. Ra7 Rxb6 43. Rxc7+ Ke8 44. Rxc5 Rxb2+ 45. Kf3 Rb3+ 46. Kf4 Rb2 47. Kxf5 Rxg2 48. Kxf6 Rxh2 49. Rc7 Kd8 50. d6 h5 51. c5 h4 52. Rh7 h3 53. c6 Rf2+ 54. Ke6 Re2+ 55. Kf5 h2 56. Rh8+ Re8 57. c7+ 1-0

[Event "CZE-ch (Women)"]
[Site "Klatovy"]
[Date "1999.??.??"]
[Round "7"]
[White "Slepankova, Radka"]
[Black "Jackova, Jana"]
[Result "0-1"]
[WhiteElo "2050"]
[BlackElo "2202"]
[PlyCount "148"]
[EventDate "1999.??.??"]
[EventType "swiss"]
[EventRounds "9"]
[EventCountry "CZE"]
[SourceTitle "EXT 2000"]
[Source "ChessBase"]
[SourceDate "1999.11.16"]
[SourceVersion "1"]
[SourceVersionDate "1999.11.16"]
[SourceQuality "1"]

1. e4 e5 2. f4 Bc5 3. Nf3 d6 4. c3 Nf6 5. d4 exd4 6. cxd4 Bb6 7. Nc3 d5 8. e5 Ne4 9. Bb5+ Nc6 10. 0-0 0-0 11. Bxc6 bxc6 12. Be3 Nxc3 13. bxc3 Qe7 14. Bf2 f5 15. exf6 Qxf6 16. Be3 Bg4 17. Qd2 Bxf3 18. Rxf3 Qf5 19. Rc1 Rae8 20. Qc2 Re4 21. Qf2 Rfe8 22. Qg3 c5 23. dxc5 Rxe3 24. cxb6 Rxf3 25. Qxf3 axb6 26. Rd1 Re4 27. g3 h6 28. Kg2 c6 29. Rd2 Qe6 30. f5 Qe5 31. Kf2 b5 32. h3 Kf8 33. Rc2 Ke7 34. Qh5 Re3 35. Qg4 Re4 36. Qf3 Kf6 37. Kg2 Qxf5 38. Qd3 Kg6 39. Rf2 Rf4 40. Qxf5+ Rxf5 41. Re2 Kf6 42. Re8 Re5 43. Rc8 Re6 44. Kf3 Ke5 45. Rc7 Rf6+ 46. Ke3 Rg6 47. g4 Kd6 48. Ra7 Re6+ 49. Kd3 Re7 50. Ra8 Kc5 51. a4 bxa4 52. Rxa4 Re1 53. Rf4 Rd1+ 54. Kc2 Rh1 55. Rf3 Kc4 56. Rf4+ Kb5 57. Rf3 g5 58. Rd3 Kc4 59. Rd4+ Kc5 60. Rd3 Rh2+ 61. Kb3 Kb5 62. Re3 c5 63. Rf3 c4+ 64. Ka3 Kc5 65. Re3 Rd2 66. Re6 Rd3 67. Rxh6 Rxc3+ 68. Kb2 Rg3 69. Rh5 Kd4 70. Rxg5 Rxh3 71. Rf5 Rh2+ 72. Kc1 Rg2 73. Rg5 c3 74. Rh5 Kc4 0-1

[Event "CZE-ch (Women)"]
[Site "Klatovy"]
[Date "1998.05.15"]
[Round "8"]
[White "Slepankova, Radka"]
[Black "Palkova, Hana"]
[Result "0-1"]
[WhiteElo "2070"]
[BlackElo "2045"]
[PlyCount "84"]
[EventDate "1998.05.08"]
[EventType "swiss"]
[EventRounds "9"]
[EventCountry "CZE"]
[SourceTitle "CBM 065 Extra"]
[Source "ChessBase"]
[SourceDate "1998.09.09"]
[SourceVersion "1"]
[SourceVersionDate "1998.09.09"]
[SourceQuality "1"]

1. e4 c5 2. Nf3 e6 3. d4 cxd4 4. Nxd4 a6 5. Nc3 Qc7 6. Be2 b5 7. a3 Bb7 8. 0-0 Nf6 9. Bf3 d6 10. Re1 Be7 11. e5 dxe5 12. Bxb7 Qxb7 13. Rxe5 0-0 14. Bg5 Nbd7 15. Re3 Bc5 16. Rg3 Qb6 17. Be3 Rad8 18. Nde2 Ne5 19. Qc1 Bxe3 20. Rxe3 Nfg4 21. Rg3 Qxf2+ 22. Kh1 Qa7 23. h3 Nf2+ 24. Kh2 f5 25. Qf4 Ng6 26. Qe3 Qxe3 27. Rxe3 e5 28. Rf1 Ne4 29. Nxe4 fxe4 30. Rxf8+ Kxf8 31. Nc3 Rd2 32. Re2 e3 33. Rxe3 Rxc2 34. b4 Nf4 35. Rg3 Nxg2 36. Rxg2 Rxc3 37. Re2 Rxa3 38. Rxe5 Kf7 39. Rc5 h6 40. Rc7+ Kf6 41. Rc6+ Kg5 42. Rc5+ Kh4 0-1